Lejislación aduanera

Uloženo v:
Podrobná bibliografie
Hlavní autor: Rodríguez Jiménez, Miguel (Autor)
Médium: Kniha
Jazyk:španělština
Vydáno: Santiago Gutenberg 1892
Témata:
Tagy: Přidat tag
Žádné tagy, Buďte první, kdo vytvoří štítek k tomuto záznamu!

MARC

LEADER 00000nam a2200000 a 4500
001 UCR4133
003 CL-VaPUC
008 980307e18920000CL |||||||||||||||||spa|d
082 0 4 |a 336.26  |b ROD  |2 21 
100 0 |a Rodríguez Jiménez, Miguel  |e author  |9 403799 
245 1 0 |a Lejislación aduanera 
246 1 0 |a Compilación de leyes i disposiciones vijentes i de interés jeneral, relativas al réjimen de las aduanas de la república 
300 |a 583 p 
942 |c BK 
945 |d 19980307 00:00:00  |a cmena 
260 |a Santiago  |b Gutenberg  |c 1892 
650 0 |a Derecho aduanero  |9 324531 
650 0 |a Aduanas  |9 255492 
650 0 |a Tribunales aduaneros   |9 398135 
650 0 |a Aranceles de aduanas  |9 316382 
650 0 |a Derecho administrativo  |9 254851 
650 7 |a DERECHO CHILENO  |2 CL-VaPUC  |9 403800 
651 7 |a CHILE  |2 CL-VaPUC  |9 403801 
583 |a last modification  |c 19980307 00:00:00  |k Rodrigo Vera 
999 |c 267084  |d 267082 
952 |0 0  |1 0  |4 0  |6 336_260000000000000_ROD_1892  |7 0  |8 X  |9 299244  |a BIBDER  |b BIBDER  |d 2019-11-20  |i 1957759  |o 336.26 ROD 1892  |p 1957759  |r 2023-01-25  |w 2019-11-20  |y BK_X  |k DER